| 000 | 00583nam a2200181Ia 4500 | ||
|---|---|---|---|
| 999 |
_c16952 _d16952 |
||
| 001 | 16502 | ||
| 003 | PK-LaUMT | ||
| 005 | 20221004142645.0 | ||
| 008 | 140404s9999 xx 000 0 und d | ||
| 040 | _cPK-LaUMT | ||
| 082 |
_aW 658.30954 _bCHA- |
||
| 110 | _aHuman Development Center | ||
| 245 |
_aChallenge of human development in South Asia: _bA report of the regional conference held in Islamabad, Pakistan April, 6-8, _cHuman Development Center |
||
| 260 |
_aIslamabad,Pakistan: _bHuman Development Centre, _c1997 |
||
| 300 | _a44 p. | ||
| 546 | _aEN | ||
| 942 |
_cWEEDED OUT _2ddc |
||